00615nam a2200217Ia 450000500170000000800410001702000180005804000180007604100080009408200220010210000240012424500790014825000120022726000360023930000280027565000200030370000160032370000200033970000210035970000170038020220718103018.0210716s2013 xx 000 0 und d a9788131234150 cAIMIT LIBRARY aeng a005.448 21bGASB aGaster, Benedict R. aHeterogeneous computing with open cl /cBy Benedict R. Gaster...[et. al.]. a1st ed. aNew Delhi :bElsevier ,c2013 . axv, 291p. ;bPBc24 cm. aCloud Computing aHowes, Lee. aKaeli, David R. aMistry, Perhaad. aSchaa, Dane.